000 01054nam a22002897a 4500
999 _c65078
_d65078
005 20240530110806.0
008 190226s2018 ua g b 000 ||ara d
017 _a2018/14863 (ج1)
_bمصر. دار الكتب
017 _a2016/23750 (ج2)
020 _a9789779214887 (ج1)
020 _a9789779208879 (ج2)
040 _aEG-CaGPL
_cEG-CaGPL
082 0 4 _221
_a101/
_bن م
100 0 _aنخبة
245 1 0 _aموسوعة الهرمانيوطيقا /
_cتاليف نخبة ؛ ترجمة محمد عنانى
250 _aط.1
260 _aالقاهرة :
_bالمركز القومى للترجمة ،
_c2018.
300 _a2 جزء ؛
_c24 سم.
490 0 _aالمركز القومى للترجمة ؛
_v3031، 3042.
504 _aيشتمل على ارجاعات ببليوجرافية
650 0 7 _2qrmak
_aالفلسفة
_xنظريات
650 0 7 _2qrmak
_aالهرمانيوطيفا
_xفلسفة
651 _2qrmak
700 0 _aمحمد عنانى
_eمترجم
942 _2ddc
_cBK